|
|
|
|
| LEADER |
012470000a22002650004500 |
| 082 |
|
|
|a 636 BAN/TE
|
| 100 |
|
|
|a BANERJEE, G C
|f Author
|
| 245 |
|
|
|a A TEXTBOOK OF ANIMAL HUSBANDRY
|
| 250 |
|
|
|a 8
|
| 260 |
|
|
|a NEW DELHI, OXFORD & IBH
|
| 260 |
|
|
|c 1995
|
| 300 |
|
|
|a pages 1079
|
| 650 |
|
|
|a ANIMAL BLOOD
|
| 650 |
|
|
|a ANIMAL BREEDING
|
| 650 |
|
|
|a ANIMAL NUTRITION
|
| 650 |
|
|
|a DAIRY FARM MANAGEMENT
|
| 650 |
|
|
|a MAMMARY GLAND
|
| 650 |
|
|
|a TAXONOMY
|
| 942 |
|
|
|c BK
|
| 999 |
|
|
|c 165026
|d 165026
|
| 952 |
|
|
|0 0
|1 0
|2 ddc
|4 0
|6 636_000000000000000_BAN_TE
|7 0
|9 166469
|a KAUCOAP
|b KAUCOAP
|d 2013-07-24
|o 636 BAN/TE
|p KAU_COAP02997
|r 2013-07-24
|w 2018-06-11
|y REF
|
| 952 |
|
|
|0 0
|1 0
|2 ddc
|4 0
|6 636_000000000000000_BAN_TE
|7 0
|9 166470
|a KAUCOAP
|b KAUCOAP
|d 2013-07-24
|o 636 BAN/TE
|p KAU_COAP07795
|r 2013-07-24
|w 2018-06-11
|y BK
|
| 952 |
|
|
|0 0
|1 0
|2 ddc
|4 0
|6 636_000000000000000_BAN_TE
|7 0
|9 166471
|a KAUCOAP
|b KAUCOAP
|d 2016-02-05
|o 636 BAN/TE
|p KAU_COAP07797
|r 2016-02-05
|w 2016-02-05
|y BK
|
| 952 |
|
|
|0 0
|1 0
|2 ddc
|4 1
|6 636_000000000000000_BAN_TE
|7 0
|9 166472
|a KAUCOAP
|b KAUCOAP
|d 2018-09-07
|o 636 BAN/TE
|p KAU_COAP01303
|r 2018-09-07
|w 2018-09-07
|y BK
|
| 952 |
|
|
|0 0
|1 0
|2 ddc
|4 0
|6 636_000000000000000_BAN_TE
|7 0
|9 166473
|a KAUCOAP
|b KAUCOAP
|d 2018-09-27
|o 636 BAN/TE
|p KAU_COAP07796
|r 2018-09-27
|w 2018-09-27
|y BK
|